[Event "AUTO-OPEN-4633"]
[Site "http://www.queenalice.com/game.php?id=1867769"]
[Date "2026.1.9"]
[Round "1"]
[White "Eder_Dionatan_Silva_Machado"]
[Black "Esvir"]
[Result "0-1"]
[WhiteElo "1399"]
[BlackElo "2050"]

1. e4 e5 2. Nf3 d6 3. Bb5+ c6 4. Bd3 Nf6 5. O-O Be6 6. a4 Nbd7 7. Ng5 Bg4 8. Qe1
d5 9. exd5 cxd5 10. c4 Bc5 11. a5 O-O 0-1

[Event "AUTO-OPEN-4634"]
[Site "http://www.queenalice.com/game.php?id=1868041"]
[Date "2026.1.15"]
[Round "1"]
[White "Esvir"]
[Black "Numberzero"]
[Result "1-0"]
[WhiteElo "2051"]
[BlackElo "932"]

1. e4 e5 2. Nf3 Nc6 3. Bc4 Nf6 4. c3 Nxe4 5. Qe2 d5 6. Bb5 Bd7 7. Bxc6 Bxc6 8.
Nxe5 Qd6 9. d4 f6 10. Qh5+ g6 11. Nxg6 hxg6 12. Qxh8 O-O-O 13. Nd2 Nxf2 14. Kxf2
Qf4+ 15. Nf3 Qf5 16. Re1 1-0

[Event "AUTO-OPEN-4634"]
[Site "http://www.queenalice.com/game.php?id=1868042"]
[Date "2026.1.15"]
[Round "1"]
[White "Numberzero"]
[Black "Esvir"]
[Result "0-1"]
[WhiteElo "934"]
[BlackElo "2049"]

1. e4 e5 2. Nf3 d6 3. d4 exd4 4. Nxd4 Nf6 5. Nc3 Be7 6. Be2 d5 7. exd5 Nxd5 8.
Nxd5 Qxd5 9. Bf3 Qa5+ 10. Bd2 Qe5+ 11. Be3 c5 12. Nb5 a6 13. Nc3 O-O 14. O-O Bd6
15. g3 Be7 16. Re1 Nc6 0-1

[Event "AUTO-OPEN-4637"]
[Site "http://www.queenalice.com/game.php?id=1868770"]
[Date "2026.2.2"]
[Round "1"]
[White "EduardoRo"]
[Black "Esvir"]
[Result "0-1"]
[WhiteElo "1094"]
[BlackElo "2060"]

1. e4 e5 2. Nf3 d6 3. Bc4 h6 4. O-O Nf6 5. d3 Be7 6. Be3 Nc6 7. Nc3 a6 8. a4 b6
9. Ne2 Bb7 10. Ng3 Qd7 11. c3 d5 12. exd5 Nxd5 13. d4 Nxe3 14. fxe3 exd4 15.
exd4 O-O 16. b4 Bd6 17. Bd5 Bxg3 18. Bxc6 Bxh2+ 19. Nxh2 Qxc6 20. d5 Qxc3 21.
Rc1 Qxb4 22. Rxc7 Rab8 23. d6 Qe4 24. Nf3 Rfd8 25. Qb3 Bd5 26. Qa3 Rbc8 27. Rxc8
Rxc8 28. d7 Rd8 29. Re1 Qf5 30. Qe7 Qxd7 31. Qxd7 Rxd7 32. Re8+ Kh7 33. Ne5 Rd6
34. g4 Re6 35. Rxe6 Bxe6 36. Kf2 Bb3 0-1

[Event "AUTO-OPEN-4637"]
[Site "http://www.queenalice.com/game.php?id=1868771"]
[Date "2026.2.2"]
[Round "1"]
[White "Esvir"]
[Black "EduardoRo"]
[Result "1-0"]
[WhiteElo "2047"]
[BlackElo "1098"]

1. e4 e5 2. Nf3 Nc6 3. Bc4 Nf6 4. Ng5 Qe7 5. Bxf7+ Kd8 6. Bc4 d5 7. exd5 Na5 8.
Be2 h6 9. Ne6+ Bxe6 10. dxe6 Qxe6 11. d3 Bb4+ 12. c3 Bc5 13. b4 Bxf2+ 14. Kxf2
Qf5+ 15. Ke1 Nc6 16. Rf1 Qe6 17. b5 Ne7 18. c4 g5 19. Nc3 Kc8 20. Ne4 b6 21.
Rxf6 Qd7 22. Bg4 Qxg4 23. Qxg4+ Kb7 24. Qe6 Rh7 25. Qxe5 Re8 26. Ba3 g4 27. Bxe7
Rhxe7 28. Qd5+ Kb8 29. Rxh6 Re5 30. Qf7 Rd8 31. Rc6 Ka8 32. Qxc7 1-0

[Event "AUTO-OPEN-4637"]
[Site "http://www.queenalice.com/game.php?id=1868798"]
[Date "2026.2.2"]
[Round "1"]
[White "IranSilva"]
[Black "Esvir"]
[Result "0-1"]
[WhiteElo "1756"]
[BlackElo "1997"]

1. d4 d5 2. c4 dxc4 3. e4 c6 4. Bxc4 b5 5. Bb3 e6 6. Nf3 c5 7. O-O Be7 8. Nc3 a6
9. Be3 c4 10. Bc2 Nd7 11. d5 exd5 12. Nxd5 Ngf6 13. Nxe7 Qxe7 14. Qd4 O-O 15.
Nh4 Ne5 16. Nf5 Bxf5 17. exf5 Nfg4 18. Bf4 Rfe8 19. Rae1 Qf6 20. Qe4 Qd6 21. h3
Nf6 22. Bxe5 Nxe4 23. Bxd6 Nxd6 24. g4 f6 25. Rd1 Rad8 26. Rfe1 Rxe1+ 0-1

[Event "AUTO-OPEN-4637"]
[Site "http://www.queenalice.com/game.php?id=1868799"]
[Date "2026.2.2"]
[Round "1"]
[White "Esvir"]
[Black "IranSilva"]
[Result "0-1"]
[WhiteElo "2006"]
[BlackElo "2220"]

1. e4 e5 2. Nf3 Nf6 3. d3 Nc6 4. Be2 Be7 5. Nc3 O-O 6. O-O d5 7. exd5 Nxd5 8. d4
Nxc3 9. bxc3 exd4 10. cxd4 Bg4 11. c3 Na5 12. Ne5 Be6 13. Bf4 f6 14. Ng4 Nc4 15.
Qb3 Qd5 16. Bxc7 Rac8 17. Bf4 Qe4 18. Rae1 Qxf4 19. Qxb7 Bd6 20. g3 Qg5 21. h3
h5 22. h4 Qg6 23. Nh2 Bh3 24. Bxc4+ Kh8 25. Qd5 Bxg3 26. fxg3 Qxg3+ 27. Kh1 Rxc4
28. Qxh5+ Kg8 29. Rg1 Bg2+ 30. Rxg2 Qxe1+ 31. Rg1 Qe4+ 32. Nf3 Rxc3 0-1

[Event "AUTO-OPEN-4637"]
[Site "http://www.queenalice.com/game.php?id=1868816"]
[Date "2026.2.2"]
[Round "1"]
[White "Magnaroc"]
[Black "Esvir"]
[Result "0-1"]
[WhiteElo "1760"]
[BlackElo "2053"]

1. e4 e5 2. Nf3 Nc6 3. d4 exd4 4. Nxd4 Nxd4 5. Qxd4 c5 6. Qe5+ Qe7 7. Bf4 Qxe5
8. Bxe5 d6 9. Bc3 Nf6 10. Bxf6 gxf6 11. Bb5+ Bd7 12. Bxd7+ Kxd7 13. O-O Re8 0-1

[Event "AUTO-OPEN-4637"]
[Site "http://www.queenalice.com/game.php?id=1868817"]
[Date "2026.2.2"]
[Round "1"]
[White "Esvir"]
[Black "Magnaroc"]
[Result "1-0"]
[WhiteElo "2057"]
[BlackElo "1756"]

1. e4 e5 2. Nf3 Nc6 3. Bc4 Bc5 4. Nc3 Nf6 5. O-O O-O 6. a3 a5 7. d3 h6 8. Be3
Bxe3 9. fxe3 Ng4 10. Qe2 d6 11. Rad1 1-0

[Event "AUTO-ADV-4897"]
[Site "http://www.queenalice.com/game.php?id=1869117"]
[Date "2026.2.11"]
[Round "2"]
[White "Capixabba789"]
[Black "Esvir"]
[Result "0-1"]
[WhiteElo "1867"]
[BlackElo "2047"]

1. d4 d5 2. Nc3 Nf6 3. f4 Bf5 4. Nf3 Nc6 5. a3 e6 6. e3 Ne4 7. Be2 Be7 8. O-O
O-O 9. Nxe4 Bxe4 10. c3 f6 11. b4 Bd6 12. Bd2 e5 13. fxe5 fxe5 14. dxe5 Nxe5 15.
Nd4 Qg5 16. Rxf8+ Rxf8 17. Bf1 Rf6 18. Qe2 Bd3 0-1

[Event "AUTO-ADV-4897"]
[Site "http://www.queenalice.com/game.php?id=1869118"]
[Date "2026.2.11"]
[Round "2"]
[White "Esvir"]
[Black "Capixabba789"]
[Result "1-0"]
[WhiteElo "2061"]
[BlackElo "1854"]

1. e4 e5 2. Nf3 d6 3. Bc4 Be7 4. d4 exd4 5. Qxd4 Bf6 6. Qd5 Qe7 7. Ng5 Nh6 8.
O-O c6 9. Qd2 Nd7 10. Nc3 Ne5 11. Be2 Bd7 12. f4 Ng6 13. Bd3 a6 14. Ne2 O-O 15.
c3 b5 16. f5 Ne5 17. Bc2 Bxg5 18. Qxg5 Qxg5 19. Bxg5 Rfe8 20. Rad1 Nc4 21. Rf3
Nxb2 22. Rxd6 Bxf5 23. Ng3 Be6 24. Rxc6 Bxa2 25. Bxh6 gxh6 26. Rxh6 Nc4 27. Nf5
Nd2 28. Rg3+ Kf8 29. Rxh7 f6 30. Rh8+ Kf7 31. Nd6+ Ke7 32. Rxe8+ Rxe8 33. Nxe8
Kxe8 34. h4 Bc4 35. h5 1-0

[Event "AUTO-ADV-4897"]
[Site "http://www.queenalice.com/game.php?id=1869121"]
[Date "2026.2.11"]
[Round "2"]
[White "Esvir"]
[Black "Daniel1962"]
[Result "1/2-1/2"]
[WhiteElo "2062"]
[BlackElo "1713"]

1. e4 e6 2. d4 Nf6 3. Nc3 Bb4 4. e5 Nd5 5. Bd2 Nxc3 6. bxc3 Ba5 7. Nf3 d5 8. c4
Bxd2+ 9. Qxd2 Nc6 10. cxd5 exd5 11. Be2 f5 12. O-O h6 13. g3 g5 14. c4 Be6 15.
cxd5 Bxd5 16. Ne1 f4 17. Rb1 fxg3 18. fxg3 h5 19. Rxb7 g4 20. Rb2 a5 21. Qd3 Qg5
22. Ng2 Bxg2 23. Kxg2 h4 24. Qf5 h3+ 25. Kh1 Qxf5 26. Rxf5 Nxd4 27. Rf2 Nxe2 28.
Rbxe2 O-O-O 29. Rd2 Rhe8 30. Rxd8+ Kxd8 31. Rd2+ 1/2-1/2

[Event "AUTO-ADV-4897"]
[Site "http://www.queenalice.com/game.php?id=1869122"]
[Date "2026.2.11"]
[Round "2"]
[White "Daniel1962"]
[Black "Esvir"]
[Result "0-1"]
[WhiteElo "1754"]
[BlackElo "2044"]

1. d4 d5 2. Bf4 Nf6 3. Nc3 a6 4. Nf3 b6 5. e3 c5 6. dxc5 bxc5 7. Bxb8 Rxb8 8.
Ne5 Rxb2 9. Na4 Qa5+ 10. Qd2 Qxa4 11. Nd3 Rxc2 12. Qd1 Qa5+ 0-1

[Event "AUTO-OPEN-4640"]
[Site "http://www.queenalice.com/game.php?id=1869666"]
[Date "2026.2.22"]
[Round "1"]
[White "chessman"]
[Black "Esvir"]
[Result "1-0"]
[WhiteElo "1993"]
[BlackElo "2023"]

1. e4 e5 2. Nf3 Nc6 3. Bb5 d6 4. d4 a6 5. Ba4 b5 6. Bb3 exd4 7. c3 dxc3 8. Bxf7+
Kxf7 9. Qd5+ Be6 10. Qxc6 cxb2 11. Bxb2 Nf6 12. Ng5+ Ke7 13. Nxe6 Kxe6 14. O-O
Be7 15. e5 Qd7 16. Qc2 dxe5 17. Bxe5 Kxe5 18. Re1+ Kd6 19. Nc3 c6 20. Rad1+ Nd5
21. Ne4+ Kc7 22. Nc3 Kb7 23. Nxd5 cxd5 24. Rxd5 Qc6 25. Rxe7+ Kb6 26. Qd2 Rac8
27. Qe3+ Ka5 28. Qa3+ Kb6 29. Rd6 Rhd8 30. Rxc6+ Rxc6 31. h3 1-0

[Event "AUTO-OPEN-4389"]
[Site "http://www.queenalice.com/game.php?id=1869852"]
[Date "2026.2.26"]
[Round "2"]
[White "cerenzo72"]
[Black "Esvir"]
[Result "1-0"]
[WhiteElo "2092"]
[BlackElo "2037"]

1. c4 e5 2. Nc3 Bc5 3. e3 c6 4. Nf3 d6 5. d4 exd4 6. exd4 Bb6 7. h3 Nf6 8. Bg5
d5 9. Be2 Bf5 10. O-O O-O 11. cxd5 cxd5 12. Bxf6 gxf6 13. Bd3 Bg6 14. Nh4 Nc6
15. Nxg6 fxg6 16. Qf3 Bxd4 17. Nxd5 Ne5 18. Qe4 Nxd3 19. Qxd4 Nxb2 20. Rab1 Na4
21. Rxb7 Nb6 22. Ne7+ Kh8 23. Qh4 Qd3 24. Nd5 1-0

[Event "AUTO-OPEN-4389"]
[Site "http://www.queenalice.com/game.php?id=1869853"]
[Date "2026.2.26"]
[Round "2"]
[White "Esvir"]
[Black "cerenzo72"]
[Result "0-1"]
[WhiteElo "2052"]
[BlackElo "2077"]

1. e4 e5 2. Nf3 d6 3. d4 exd4 4. Nxd4 Nf6 5. Nc3 Be7 6. Be2 O-O 7. Nf5 Bxf5 8.
exf5 d5 9. O-O c5 10. Bf3 Nc6 11. Nxd5 Nxd5 12. Bxd5 Qc7 13. c4 Bf6 14. Rb1 Rad8
15. Qf3 Nd4 16. Qg4 Qe5 17. Be3 Nxf5 18. Bf4 Nh6 19. Bxh6 b6 20. Bf4 Qd4 0-1